000 00716nam a2200253Ia 4500
003 OSt
005 20220918184053.0
006 a|||||r|||| 00| 0
007 ta
008 220917b |||||||| |||| 00| 0 eng d
024 _a44,291
037 _cTextual
040 _aARTS
_cARTS
_beng
041 _2eng
_aeng
082 _aO15,1LKR,1, M0
100 _aKrsna Srichandra
_964433
245 0 _aAbdadutam
260 _aBhubneshvar
_bDirectorate of Tourism and cultural affairs
_c1[98
300 _aviii, 101p.
_ccm.
490 _aOrissan oriental text series asanskrit; 14
650 _aENGLISH LITERATURE
942 _hO15,1LKR,1, M0
_cTEXL
_2CC
999 _c175000
_d175000